000 00680nam a22002057a 4500
003 OSt
005 20211115014051.0
008 170209b xxu||||| |||| 00| 0 eng d
020 _a0883771241
040 _aMMU
_cMMU
_dMMU
_beng.
050 _aP51.U54 1978
100 _aJack C. Richards
245 0 0 _aUnderstanding second & foreign language learning :
_bissues & approaches /
_cJack C. Richards editor.
260 _aRowley, Mass. :
_bNewbury House Publishers,
_cc1978.
300 _aix, 273 p. :
_bill. ;
_c22 cm.
500 _aIncludes bibliographies.
650 0 _aLanguage and languages
_xStudy and teaching.
700 1 _aRichards, Jack C.,
_d1943-
942 _2lcc
_cLOAN LOAN
999 _c22425
_d22425